Liderando equipos /

Detalles Bibliográficos
Autor principal: Shapiro, Mary (Autor)
Otros Autores: Moriones Alonso, Rocío (Traductor)
Formato: Electrónico eBook
Lenguaje:español
inglés
Publicado: Barcelona : Reverté Management, [2020]
Colección:Guías HBR. Guías indispensables del management.
Materias:
Acceso en línea:Digitalia Hispánica

MARC

LEADER 00000nam a2200000Ii 4500
001 DIGREVMGM0005
003 NyNyDIG
006 m o d
007 cr |||||||||||
008 230113s2020 sp o 000 0 spa d
035 |a (OCoLC)1178635196 
040 |a DGITA  |b eng  |e rda  |e pn  |c DGITA 
020 |a 9788429195774  |q pdf 
020 |a 9788429195767  |q ePub 
020 |z 9788417963125  |q papel 
041 1 |a spa  |h eng 
050 1 4 |a HD66 ebook 
082 0 4 |a 658.4022 
100 1 |a Shapiro, Mary,  |e author. 
240 1 0 |a HBR guide to leading teams.  |l Spanish  |s (Moriones Alonso) 
245 1 0 |a Liderando equipos /  |c Mary Shapiro ; traducción, Rocío Moriones Alonso. 
264 1 |a Barcelona :  |b Reverté Management,  |c [2020] 
300 |a 1 online resource. 
336 |a text  |b txt  |2 rdacontent 
337 |a computer  |b c  |2 rdamedia 
338 |a online resource  |b cr  |2 rdacarrier 
347 |a text file  |2 rdaft 
347 |b PDF 
347 |b EPUB 
490 1 |a Guías HBR. Guías indispensables del management 
500 |a "Equilibrar habilidades y estilos, establecer roles definidos, promover la discrepancia sana"--Cover. 
500 |a "Harvard Business Review Press, Boston, Massachusetts"--Cover. 
588 0 |a Online resource; title from PDF title page (Digitalia, viewed January 13, 2023) 
650 0 |a Teams in the workplace  |x Management. 
650 0 |a Leadership. 
700 1 |a Moriones Alonso, Rocío,  |e translator. 
700 1 |i Translation of:  |a Shapiro, Mary.  |t HBR guide to leading teams. 
791 2 |a Digitalia (Firm),  |e distributor. 
793 0 |g Digitalia eBook Collection:  |a Reverté Management 
776 0 8 |i Print version:  |a Shapiro, Mary.  |s HBR guide to leading teams. Spanish (Moriones Alonso)  |t Liderando equipos.  |d Barcelona : Reverté Management, [2020]  |z 9788417963125 
830 0 |a Guías HBR.  |p Guías indispensables del management. 
856 4 0 |3 Digitalia Hispánica  |u https://www.digitaliapublishing.com/a/67778/ 
910 |a Premium collection: 2023